O pastor / (Record no. 373)

MARC details
000 -LÍDER
campo de controle de tamanho fixo 01490nam a2200313 4500
001 - NÚMERO DE CONTROLE
campo de controle 373
003 - IDENTIFICADOR DO NÚMERO DE CONTROLE
campo de controle OSt
005 - DATA E HORÁRIO DA ÚLTIMA TRANSAÇÃO
campo de controle 20250528074019.0
008 - CAMPO DE DADOS FIXOS--INFORMAÇÃO GERAL
campo de controle de tamanho fixo 250403b |||||||e |||| 00| 1 eng d
020 ## - ISBN - INTERNATIONAL STANDARD BOOK NUMBER
ISBN - International Standard Book Number 9788501009432
040 ## - FONTE DA CATALOGAÇÃO
Idioma da catalogação por
041 ## - CÓDIGO DE IDIOMA
Código do idioma do original e/ou traduções intermediárias do texto eng
Código do idioma do texto/trilha sonora ou título diferente por
082 ## - CDD - CLASSIFICAÇÃO DECIMAL DE DEWEY
Número de Classificação 823
Número do exemplar F735p
100 1# - ENTRADA PRINCIPAL--NOME PESSOAL
Nome pessoal Forsyth, Frederick,
Datas associadas ao nome 1938-
9 (RLIN) 458
240 ## - TÍTULO UNIFORME
Título uniforme The Shepherd
245 ## - TÍTULO
Título O pastor /
Indicação de responsabilidade, etc. Forsyth, Frederick ; Traduçãoi de A. B. Pinheiro de Lemos
250 ## - EDIÇÃO
Declaração de edição 13° edição
260 ## - PUBLICAÇÃO, DISTRIBUIÇÃO, ETC.
Local de publicação, distribuição, etc. Rio de Janeiro
Nome do editor, distribuidor, etc. Record
Data da publicação, distribuição, etc. 1975
300 ## - DESCRIÇÃO FÍSICA
Extensão 70 p.
520 ## - NOTA DE RESUMO, ETC.
Resumo, etc. Noite de Natal de 1957. Um jovem piloto da Royal Air Force recebe a licença para comemorar a data com a família, em Blighty, Reino Unido. Com um luar belíssimo, em um céu noturno e gélido da Alemanha, o piloto decola sozinho em seu avião de caça para sobrevoar a costa da Holanda, em direção ao Mar do Norte. Mas uma pane na aeronave muda o rumo do vôo. O piloto está perdido no nevoeiro e o avião começa a perder altitude. O rádio não funciona, nem o radar, nem o botão de transmissão, a agulha da bússola gira sem controle. O jovem sabe que morrerá em poucos minutos. Muito suspense aguarda pelo leitor de Forsyth nesta história curta e comovente.<br/>
650 #0 - ASSUNTO--TERMO TÓPICO
Cabeçalho tópico ou nome geográfico Literatura Inglesa
9 (RLIN) 89
650 #0 - ASSUNTO--TERMO TÓPICO
Cabeçalho tópico ou nome geográfico Sobrevivência
9 (RLIN) 770
650 #0 - ASSUNTO--TERMO TÓPICO
Cabeçalho tópico ou nome geográfico Aventura
9 (RLIN) 47
650 #0 - ASSUNTO--TERMO TÓPICO
Cabeçalho tópico ou nome geográfico Suspense
9 (RLIN) 10
655 #0 - TERMO DE ÍNDICE--GÊNERO E FORMA
Gênero/forma/ou termo foco Romance
655 #0 - TERMO DE ÍNDICE--GÊNERO E FORMA
Gênero/forma/ou termo foco Ficção
700 ## - ENTRADA ADICIONADA - NOME PESSOAL
Nome pessoal A. B. Pinheiro de Lemos
Função do autor por extenso Tradutor
9 (RLIN) 109
942 ## - ELEMENTOS DE ENTRADA ADICIONADOS (KOHA)
Fonte de classificação ou esquema de arquivamento Classificação decimal de Dewey
Ocultar no OPAC Não
Tipo de material Koha Livros
Holdings
Situação do descarte Situação das perdas Fonte de classificação ou esquema de arquivamento Status danificado Não pode ser emprestado Coleção Biblioteca de origem Biblioteca atual Localização na estante Data de aquisição Fonte de aquisição Total de empréstimos Número de chamada completo Código de barras Data de último acesso Data do preço efetivo Tipo de material Koha
    Classificação decimal de Dewey     Ficção Biblioteca Professor Eduardo Afonso de Castro Biblioteca Professor Eduardo Afonso de Castro Literatura Estrangeira 27.10.2011 doação   823 / F735p 2025-2215 03.04.2025 03.04.2025 Livros

Powered by Koha